[Event "ChBLR2010"]
[Site "Minsk"]
[Date "2010.01.22"]
[Round "11.3"]
[White "Tihonov, Jurij"]
[Black "Fedorov, Alexei"]
[Result "0-1"]
[WhiteElo "2472"]
[BlackElo "2619"]
[PlyCount "88"]
[SourceDate "2010.01.13"]

1. d4 Nf6 2. c4 g6 3. Nc3 Bg7 4. e4 d6 5. Nf3 O-O 6. h3 e5 7. d5 a5 8. Bg5 Na6
9. Be2 Qe8 10. Nd2 Nd7 11. a3 f6 12. Bh4 Nb6 13. f3 Bh6 14. Bf2 Nc5 15. Nb3
Nba4 16. Nxc5 Nxc5 17. b4 axb4 18. axb4 Rxa1 19. Qxa1 Nb3 20. Qb2 Nd4 21. Bd3
f5 22. Ne2 fxe4 23. Bxe4 Nxe2 24. Qxe2 Qa4 25. Qb2 Bd7 26. Bc2 Qa6 27. Bb3 e4
28. fxe4 Bg7 29. Qa2 Qxa2 30. Bxa2 Ra8 31. Bb1 Ra4 32. Ke2 Rxb4 33. Bd3 Rb2+
34. Kf3 b6 35. Rb1 Ra2 36. Bg3 Bd4 37. Rc1 g5 38. Rc2 Ra3 39. Ke2 Ba4 40. Rc1
Ra2+ 41. Kf3 Rd2 42. Be2 h5 43. Re1 Ra2 44. Bd3 h4 0-1

[Event "ChBLR2010"]
[Site "Minsk"]
[Date "2010.01.12"]
[Round "1.1"]
[White "Kovalev, Vladislav"]
[Black "Aleksandrov, Aleksej"]
[Result "1/2-1/2"]
[WhiteElo "2349"]
[BlackElo "2617"]
[PlyCount "119"]
[EventDate "2010.01.13"]
[SourceDate "2010.01.13"]

1. e4 e5 2. Nf3 Nc6 3. Bb5 Nf6 4. O-O Nxe4 5. d4 Nd6 6. Bxc6 dxc6 7. dxe5 Nf5
8. Qxd8+ Kxd8 9. Nc3 Bd7 10. h3 Ne7 11. b3 Ng6 12. Bb2 Kc8 13. Rad1 Be7 14. Ne4
Nf4 15. Rfe1 a5 16. Nfg5 Ne6 17. Nxe6 Bxe6 18. Nc3 Bb4 19. Re2 h5 20. Ne4 Be7
21. Bc1 a4 22. Bg5 Ba3 23. f4 Ra5 24. Ng3 h4 25. Nh5 g6 26. Bf6 Rg8 27. Ng7 Bd7
28. c4 axb3 29. axb3 Bb4 30. Kf1 b5 31. e6 fxe6 32. Nxe6 bxc4 33. bxc4 Rf5 34.
Bg5 c5 35. Ra1 Kb7 36. Nd8+ Rxd8 37. Bxd8 Rxf4+ 38. Kg1 Bc3 39. Rb1+ Kc8 40.
Bg5 Rxc4 41. Kh2 Ba5 42. Re7 c6 43. Rg7 Bc7+ 44. Kh1 Bg3 45. Rxg6 Rd4 46. Rg8+
Kc7 47. Be3 Rd5 48. Rxg3 hxg3 49. Bf4+ Kd8 50. Bxg3 c4 51. Rc1 Be6 52. Be1 Rb5
53. Kg1 Rb3 54. h4 Rb2 55. Rd1+ Bd5 56. Rd2 Rb1 57. Kf2 Ke7 58. g4 Rc1 59. Re2+
Kf7 60. Re3 1/2-1/2

[Event "ChBLR2010"]
[Site "Minsk"]
[Date "2010.01.12"]
[Round "1.2"]
[White "Lutsko, Igor"]
[Black "Stupak, Kirill"]
[Result "0-1"]
[WhiteElo "2415"]
[BlackElo "2459"]
[PlyCount "142"]
[EventDate "2010.01.13"]
[SourceDate "2010.01.13"]

1. Nf3 c5 2. e4 a6 3. c3 Qa5 4. Bd3 d6 5. h3 g6 6. O-O Bg7 7. Bc2 Nd7 8. d4 Qc7
9. a4 b6 10. Re1 Bb7 11. Na3 Rd8 12. Bd2 Ngf6 13. Qe2 O-O 14. Bd3 h6 15. Rac1
e5 16. d5 Ra8 17. Nh2 Kh8 18. g4 Nh7 19. Nf1 Qd8 20. Nc4 Qe7 21. Ng3 Bc8 22.
Kg2 b5 23. Na5 c4 24. Bc2 Nc5 25. Ra1 Bd7 26. Ra3 Qd8 27. axb5 axb5 28. Rea1
Rc8 29. Be3 Qh4 30. Qd2 Bf6 31. b3 cxb3 32. Nxb3 Na4 33. Na5 Ng5 34. Rh1 Nc5
35. f3 Bd8 36. Bf2 Nh7 37. Nf5 Qf6 38. Bh4 Ng5 39. Bxg5 Qxg5 40. Qxg5 Bxg5 41.
Nxd6 Ra8 42. Raa1 Be7 43. Ndb7 Nxb7 44. Nxb7 Rac8 45. Rhc1 Bg5 46. Rd1 Rxc3 47.
Ra2 Rb8 48. Nd6 Kg8 49. Bd3 Be3 50. Rb2 b4 51. Nc4 Bd4 52. Rbb1 Ba4 53. Rd2 Bb5
54. Rxb4 Bc5 55. Rb1 Ba7 56. Nxe5 Be8 57. Rxb8 Bxb8 58. f4 f6 59. Nc6 Bxf4 60.
Rf2 Be3 61. Rb2 Rxd3 62. Rb8 Kf8 63. Nd8 Ke7 64. Ne6 Ra3 65. h4 Bd7 66. Nf8
Bxg4 67. Nxg6+ Kf7 68. h5 Bf3+ 69. Kg3 Bxh5 70. Nh8+ Kg7 71. Kh4 Be2 0-1

[Event "ChBLR2010"]
[Site "Minsk"]
[Date "2010.01.12"]
[Round "1.3"]
[White "Zhigalko, Andrey"]
[Black "Zhigalko, Sergei"]
[Result "1/2-1/2"]
[WhiteElo "2600"]
[BlackElo "2668"]
[PlyCount "34"]
[EventDate "2010.01.13"]
[SourceDate "2010.01.13"]

1. Nf3 d5 2. d4 e6 3. c4 c6 4. b3 Nf6 5. e3 Bb4+ 6. Bd2 Bd6 7. Nc3 Ne4 8. c5
Nxd2 9. Qxd2 Bc7 10. Bd3 f5 11. b4 Nd7 12. O-O O-O 13. Ne1 f4 14. e4 a5 15. b5
e5 16. exd5 exd4 17. Na4 cxd5 1/2-1/2

[Event "ChBLR2010"]
[Site "Minsk"]
[Date "2010.01.12"]
[Round "1.4"]
[White "Fedorov, Alexei"]
[Black "Teterev, Vitaly"]
[Result "1/2-1/2"]
[WhiteElo "2619"]
[BlackElo "2527"]
[PlyCount "53"]
[EventDate "2010.01.13"]
[SourceDate "2010.01.13"]

1. e4 c5 2. Nf3 Nc6 3. d4 cxd4 4. Nxd4 e6 5. Nb5 d6 6. c4 Nf6 7. N5c3 Be7 8.
Be2 O-O 9. O-O b6 10. Re1 Bb7 11. Bf4 Ne5 12. Bf1 Ng6 13. Bg3 h5 14. h3 h4 15.
Bh2 d5 16. cxd5 exd5 17. exd5 Nxd5 18. Nxd5 Qxd5 19. Qxd5 Bxd5 20. Nc3 Bc6 21.
Nb5 Bf6 22. Rab1 Rfe8 23. Nd6 Rxe1 24. Rxe1 Bd5 25. b3 Rd8 26. Rc1 Be6 27. Be2
1/2-1/2

[Event "ChBLR2010"]
[Site "Minsk"]
[Date "2010.01.12"]
[Round "1.5"]
[White "Azarov, Sergei"]
[Black "Tihonov, Jurij"]
[Result "1/2-1/2"]
[WhiteElo "2622"]
[BlackElo "2472"]
[PlyCount "72"]
[EventDate "2010.01.13"]
[SourceDate "2010.01.13"]

1. e4 c5 2. Nf3 d6 3. d4 cxd4 4. Nxd4 Nf6 5. Nc3 a6 6. Bg5 Nc6 7. f4 e6 8. Nxc6
bxc6 9. e5 h6 10. Bh4 g5 11. Bf2 Nd5 12. Ne4 gxf4 13. c4 Qa5+ 14. Qd2 Qxd2+ 15.
Kxd2 dxe5 16. cxd5 exd5 17. Nf6+ Ke7 18. Bh4 Kd6 19. Be2 Bf5 20. g3 Be7 21.
gxf4 e4 22. Rac1 Rhc8 23. Rc3 Ke6 24. Rhc1 c5 25. Nxd5 Bxh4 26. Bc4 Rd8 27. Ke3
Bf6 28. Nxf6+ Kxf6 29. Be2 Rdb8 30. b3 a5 31. Rxc5 a4 32. Rc6+ Be6 33. Bc4 axb3
34. Bxb3 Ke7 35. Rc7+ Kf6 36. R7c6 Rb4 1/2-1/2

[Event "ChBLR2010"]
[Site "Minsk"]
[Date "2010.01.12"]
[Round "1.6"]
[White "Kolesnik, Eduard"]
[Black "Podolchenko, Evgeniy"]
[Result "0-1"]
[WhiteElo "2374"]
[BlackElo "2450"]
[PlyCount "100"]
[EventDate "2010.01.13"]
[SourceDate "2010.01.13"]

1. e4 e5 2. Nf3 Nc6 3. Bc4 Nf6 4. d3 Be7 5. O-O O-O 6. c3 d6 7. Re1 Na5 8. Bb5
a6 9. Ba4 b5 10. Bc2 c5 11. Nbd2 Qc7 12. Nf1 Bb7 13. Ng3 Rfe8 14. Nf5 Bd8 15.
N3h4 g6 16. Nh6+ Kf8 17. b4 cxb4 18. cxb4 Rc8 19. Re2 Nc6 20. Nf3 Ng8 21. Bb3
Nxh6 22. Bxh6+ Kg8 23. Qd2 Bf6 24. h4 Ne7 25. Ng5 d5 26. Rae1 Bg7 27. Bxg7 Kxg7
28. h5 h6 29. exd5 Nxd5 30. Nf3 f6 31. hxg6 Nf4 32. Re3 Qd7 33. Rc1 Nxg2 34.
Kxg2 Qg4+ 35. Kf1 Bxf3 36. Rxf3 Qxf3 37. Rc5 e4 38. Rxc8 Qh1+ 39. Ke2 exd3+ 40.
Kxd3 Rxc8 41. Qe2 Qb1+ 42. Kd4 Qxg6 43. Qe7+ Kh8 44. Bd5 Qg7 45. Qe6 f5+ 46.
Ke3 Rc3+ 47. Kf4 Qd4+ 48. Kxf5 Qxf2+ 49. Ke5 Re3+ 50. Be4 Rxe4+ 0-1

[Event "ChBLR2010"]
[Site "Minsk"]
[Date "2010.01.13"]
[Round "2.1"]
[White "Aleksandrov, Aleksej"]
[Black "Podolchenko, Evgeniy"]
[Result "1/2-1/2"]
[WhiteElo "2617"]
[BlackElo "2450"]
[PlyCount "80"]
[EventDate "2010.01.13"]
[SourceDate "2010.01.13"]

1. d4 Nf6 2. c4 e6 3. Nc3 Bb4 4. e3 O-O 5. Bd3 c5 6. Nf3 d5 7. O-O Nc6 8. a3
Bxc3 9. bxc3 dxc4 10. Bxc4 Qc7 11. Bb2 e5 12. h3 Re8 13. Qe2 Be6 14. Bb5 e4 15.
Nd2 a6 16. Bxc6 Qxc6 17. c4 cxd4 18. exd4 Bf5 19. d5 Qd6 20. Rfd1 b5 21. Nf1
Nd7 22. Ne3 Bg6 23. cxb5 axb5 24. Qxb5 Rab8 25. Nc4 Qe7 26. d6 Qe6 27. Qd5 Bf5
28. Qd4 Qg6 29. Kf1 Be6 30. Ne3 Kh8 31. Rd2 f6 32. Nd5 Ne5 33. Nf4 Bc4+ 34.
Qxc4 Nxc4 35. Nxg6+ hxg6 36. Rd4 Nxb2 37. d7 Red8 38. Rb1 Rb6 39. Rc1 Rbb8 40.
Rb1 Rb6 1/2-1/2

[Event "ChBLR2010"]
[Site "Minsk"]
[Date "2010.01.13"]
[Round "2.4"]
[White "Zhigalko, Sergei"]
[Black "Fedorov, Alexei"]
[Result "1-0"]
[WhiteElo "2668"]
[BlackElo "2619"]
[PlyCount "85"]
[EventDate "2010.01.13"]
[SourceDate "2010.01.13"]

1. e4 c5 2. c3 Nf6 3. e5 Nd5 4. Nf3 Nc6 5. Bc4 Nb6 6. Bb3 c4 7. Bc2 Qc7 8. Qe2
g5 9. h3 Bg7 10. O-O g4 11. hxg4 Nxe5 12. Re1 d6 13. Nxe5 Bxe5 14. d4 cxd3 15.
Bxd3 h6 16. Na3 a6 17. Be3 Nd5 18. Nc4 Nxe3 19. Qxe3 Bxg4 20. f4 Bg7 21. Nb6
Rd8 22. Nd5 Qc5 23. Nxe7 Kd7 24. Bf5+ Bxf5 25. Qxc5 dxc5 26. Nxf5 Bf6 27. Rad1+
Kc6 28. g4 b5 29. Kf2 b4 30. cxb4 cxb4 31. b3 h5 32. Rh1 h4 33. g5 Bc3 34. Kf3
a5 35. Nh6 Rxd1 36. Rxd1 f6 37. Nf7 Rg8 38. gxf6 h3 39. Nd8+ Kb6 40. f7 Rf8 41.
Rd7 Rh8 42. Ne6 h2 43. Rd1 1-0

[Event "ChBLR2010"]
[Site "Minsk"]
[Date "2010.01.13"]
[Round "2.5"]
[White "Stupak, Kirill"]
[Black "Zhigalko, Andrey"]
[Result "1/2-1/2"]
[WhiteElo "2459"]
[BlackElo "2600"]
[PlyCount "31"]
[EventDate "2010.01.13"]
[SourceDate "2010.01.13"]

1. g3 c5 2. Bg2 g6 3. c4 Bg7 4. Nc3 Nc6 5. e3 Nh6 6. Nge2 Nf5 7. O-O O-O 8. a3
b6 9. b4 Bb7 10. bxc5 bxc5 11. Rb1 Rb8 12. Na4 Na5 13. e4 Nd4 14. Nxc5 Bc6 15.
Rxb8 Qxb8 16. Na6 1/2-1/2

[Event "ChBLR2010"]
[Site "Minsk"]
[Date "2010.01.13"]
[Round "2.6"]
[White "Kovalev, Vladislav"]
[Black "Lutsko, Igor"]
[Result "1-0"]
[WhiteElo "2349"]
[BlackElo "2415"]
[PlyCount "97"]
[EventDate "2010.01.13"]
[SourceDate "2010.01.13"]

1. e4 c5 2. Nf3 e6 3. Nc3 a6 4. d4 cxd4 5. Nxd4 Qc7 6. Be2 Nf6 7. O-O Nc6 8.
Kh1 Be7 9. f4 O-O 10. Nxc6 bxc6 11. e5 Ne8 12. Ne4 f6 13. exf6 Nxf6 14. Bd3 Bb7
15. c4 c5 16. Nc3 g6 17. Bd2 Rf7 18. Qe2 Raf8 19. Rae1 Nh5 20. f5 exf5 21. Bh6
Bd6 22. Bxf8 Rxf8 23. Rxf5 Nf4 24. Rxf4 Bxf4 25. Be4 Bxe4 26. Nxe4 Bxh2 27. Qd3
Be5 28. Qd5+ Kh8 29. Qxc5 Qxc5 30. Nxc5 Bxb2 31. Nxd7 Rf4 32. c5 Rh4+ 33. Kg1
Rc4 34. Re6 Bd4+ 35. Kh2 Bf2 36. g3 Rc3 37. g4 Rc2 38. Kh3 g5 39. Rxa6 Be3 40.
Kg3 Rc3 41. Kf3 Bxc5+ 42. Ke4 Ba3 43. Ra7 Be7 44. Ne5 Bf8 45. a4 Kg8 46. a5 Ra3
47. Kd5 Bg7 48. Ra8+ Bf8 49. Nd7 1-0

[Event "ChBLR2010"]
[Site "Minsk"]
[Date "2010.01.14"]
[Round "3.1"]
[White "Lutsko, Igor"]
[Black "Aleksandrov, Aleksej"]
[Result "1/2-1/2"]
[WhiteElo "2415"]
[BlackElo "2617"]
[PlyCount "91"]
[EventDate "2010.01.13"]
[SourceDate "2010.01.13"]

1. d4 Nf6 2. Nf3 e6 3. c4 d5 4. Nc3 Bb4 5. Bg5 Nbd7 6. e3 c5 7. Bd3 cxd4 8.
exd4 dxc4 9. Bxc4 Qc7 10. Qb3 Bxc3+ 11. bxc3 O-O 12. O-O b6 13. Bh4 Bb7 14. Bg3
Qc8 15. Nd2 Nh5 16. Rfe1 Nxg3 17. hxg3 Qc6 18. Bf1 Rac8 19. Rac1 Rfd8 20. a4 h6
21. Qa3 Qc7 22. a5 Nf6 23. axb6 axb6 24. Qb2 Rd6 25. Be2 Bd5 26. c4 Bc6 27. Nf1
Qd7 28. Red1 Ba4 29. Rd3 Rd8 30. Ra1 Bc6 31. Rad1 Qa7 32. Ne3 Qd7 33. c5 bxc5
34. dxc5 Rxd3 35. Rxd3 Qc7 36. Rxd8+ Qxd8 37. Ng4 Nd7 38. Ne5 Qf6 39. f4 Nxe5
40. fxe5 Qd8 41. Bf3 Qa5 42. Qb8+ Kh7 43. Qb1+ Kg8 44. Qb8+ Kh7 45. Qb1+ Kg8
46. Qb8+ 1/2-1/2

[Event "ChBLR2010"]
[Site "Minsk"]
[Date "2010.01.14"]
[Round "3.2"]
[White "Zhigalko, Andrey"]
[Black "Kovalev, Vladislav"]
[Result "1/2-1/2"]
[WhiteElo "2600"]
[BlackElo "2349"]
[PlyCount "123"]
[EventDate "2010.01.13"]
[SourceDate "2010.01.13"]

1. d4 Nf6 2. c4 g6 3. Nc3 Bg7 4. e4 d6 5. Be2 O-O 6. Nf3 e5 7. O-O Nc6 8. d5
Ne7 9. b4 Nh5 10. Qc2 Nf4 11. Bxf4 exf4 12. Rad1 a5 13. b5 h6 14. Nd4 g5 15.
Bh5 Be5 16. h3 Ng6 17. Nf3 Qe7 18. b6 cxb6 19. Na4 Ra6 20. Qb3 Bg7 21. Nxb6 Ne5
22. c5 Qc7 23. Nxe5 Bxe5 24. Be2 Ra7 25. cxd6 Qxd6 26. Nc4 Qf6 27. Nxe5 Qxe5
28. Qb6 Ra8 29. Qxh6 Rd8 30. h4 gxh4 31. Qxh4 Rd6 32. Rd3 Rg6 33. Bf3 Kg7 34.
d6 Rxd6 35. Rxd6 Qxd6 36. Qg5+ Qg6 37. Qxf4 Be6 38. a3 Qf6 39. Qg3+ Qg6 40.
Qe5+ Qf6 41. Qg3+ Qg6 42. Qc7 Rh8 43. Rd1 Qh6 44. Kf1 Qg5 45. g3 Rc8 46. Qxb7
Rc2 47. Qb6 Qf6 48. Qd4 Qxd4 49. Rxd4 Rc3 50. Bd1 Rxa3 51. Ra4 Rc3 52. Ke2 Rc5
53. Kd3 Bd7 54. Ra1 a4 55. Kd4 Rc8 56. Ra2 Be6 57. Rxa4 Rd8+ 58. Ke3 Rxd1 59.
f3 Rb1 60. g4 Rb3+ 61. Kf4 Rc3 62. Ra5 1/2-1/2

[Event "ChBLR2010"]
[Site "Minsk"]
[Date "2010.01.14"]
[Round "3.3"]
[White "Fedorov, Alexei"]
[Black "Stupak, Kirill"]
[Result "1/2-1/2"]
[WhiteElo "2619"]
[BlackElo "2459"]
[PlyCount "46"]
[EventDate "2010.01.13"]
[SourceDate "2010.01.13"]

1. e4 e5 2. Nf3 Nf6 3. Nxe5 d6 4. Nf3 Nxe4 5. d4 d5 6. Bd3 Nc6 7. O-O Be7 8. c4
Nb4 9. Be2 O-O 10. a3 Nc6 11. cxd5 Qxd5 12. Nc3 Nxc3 13. bxc3 Bf5 14. Re1 Rfe8
15. Bf4 Rac8 16. h3 h6 17. Qa4 Qa5 18. Qb3 Qb6 19. Qa2 Bd6 20. Be3 Na5 21. Nd2
c5 22. Qd5 Bg6 23. Bg4 Rcd8 1/2-1/2

[Event "ChBLR2010"]
[Site "Minsk"]
[Date "2010.01.14"]
[Round "3.4"]
[White "Azarov, Sergei"]
[Black "Zhigalko, Sergei"]
[Result "1/2-1/2"]
[WhiteElo "2622"]
[BlackElo "2668"]
[PlyCount "61"]
[EventDate "2010.01.13"]
[SourceDate "2010.01.13"]

1. e4 c5 2. Nf3 Nc6 3. d4 cxd4 4. Nxd4 Nf6 5. Nc3 e5 6. Ndb5 d6 7. Bg5 a6 8.
Na3 b5 9. Nd5 Be7 10. Bxf6 Bxf6 11. c3 Bg5 12. Nc2 Ne7 13. h4 Bh6 14. a4 bxa4
15. Ncb4 O-O 16. Qxa4 a5 17. Bb5 Nxd5 18. Nxd5 Be6 19. Bc6 Rb8 20. b4 axb4 21.
cxb4 Kh8 22. b5 Bxd5 23. Bxd5 Qb6 24. O-O Qxb5 25. Qxb5 Rxb5 26. Rfd1 f6 27.
Bc6 Rc5 28. Rxd6 Rc1+ 29. Rxc1 Bxc1 30. Bd5 h5 31. Ra6 1/2-1/2

[Event "ChBLR2010"]
[Site "Minsk"]
[Date "2010.01.14"]
[Round "3.6"]
[White "Podolchenko, Evgeniy"]
[Black "Tihonov, Jurij"]
[Result "1/2-1/2"]
[WhiteElo "2450"]
[BlackElo "2472"]
[PlyCount "28"]
[EventDate "2010.01.13"]
[SourceDate "2010.01.13"]

1. Nf3 Nf6 2. c4 g6 3. b3 Bg7 4. Bb2 O-O 5. e3 c5 6. Be2 Nc6 7. O-O b6 8. d4
cxd4 9. Nxd4 Nxd4 10. Qxd4 Bb7 11. Rd1 d6 12. Nc3 Ne4 13. Qd3 Rc8 14. Rac1 Bxc3
1/2-1/2

[Event "ChBLR2010"]
[Site "Minsk"]
[Date "2010.01.15"]
[Round "4.1"]
[White "Aleksandrov, Aleksej"]
[Black "Tihonov, Jurij"]
[Result "1-0"]
[WhiteElo "2617"]
[BlackElo "2472"]
[PlyCount "117"]
[EventDate "2010.01.13"]
[SourceDate "2010.01.13"]

1. d4 Nf6 2. c4 g6 3. Nc3 Bg7 4. e4 d6 5. h3 O-O 6. Be3 Nbd7 7. Bd3 e5 8. d5
Nh5 9. g3 c6 10. Be2 cxd5 11. cxd5 Nhf6 12. Nf3 Ne8 13. g4 f5 14. gxf5 gxf5 15.
exf5 Ndf6 16. Ng5 Bxf5 17. Bg4 Qd7 18. Bxf5 Qxf5 19. Ne6 Rf7 20. Rg1 Rc8 21.
Qb3 Ne4 22. Nxe4 Qxe4 23. Kd2 h6 24. Rg4 Qf5 25. Rag1 Kh7 26. Rh4 Rf6 27. Rhg4
Rf7 28. Rh4 Rf6 29. Rb4 b6 30. Rbg4 Rf7 31. a4 a6 32. Rh4 Rf6 33. Rhg4 Rf7 34.
Qd3 Qxd3+ 35. Kxd3 b5 36. axb5 axb5 37. Rg6 Rc4 38. Nxg7 Rxg7 39. Rxh6+ Kg8 40.
Ra1 Rgc7 41. Rg1+ Rg7 42. Ra1 Rgc7 43. Ra8 Rc8 44. Rxc8 Rxc8 45. h4 Rc4 46. h5
Rh4 47. Kc3 Rc4+ 48. Kb3 Rh4 49. Re6 Kf8 50. h6 Kf7 51. Bg5 Rh5 52. Re7+ Kg6
53. Be3 Nf6 54. Re6 Kf5 55. Rxd6 Rh4 56. Rd8 Ke4 57. d6 Kd5 58. Rb8 Kxd6 59.
Rb6+ 1-0

[Event "ChBLR2010"]
[Site "Minsk"]
[Date "2010.01.15"]
[Round "4.2"]
[White "Teterev, Vitaly"]
[Black "Podolchenko, Evgeniy"]
[Result "0-1"]
[WhiteElo "2527"]
[BlackElo "2450"]
[PlyCount "75"]
[EventDate "2010.01.13"]
[SourceDate "2010.01.13"]

1. g3 Nf6 2. Bg2 e6 3. c4 c5 4. Nc3 d5 5. Nf3 d4 6. Na4 Nc6 7. O-O e5 8. d3 h6
9. a3 Bd6 10. Rb1 a5 11. e4 O-O 12. Ne1 Rb8 13. b3 b5 14. cxb5 Rxb5 15. f4 Ba6
16. f5 Rb7 17. Qc2 Qe7 18. Bf3 Rfb8 19. g4 c4 20. dxc4 Bxa3 21. Nd3 Bxc1 22.
Rfxc1 Nb4 23. Nxb4 Qxb4 24. Be2 Rc8 25. h3 Bb5 26. Bd3 Bc6 27. c5 Rcc7 28. Nb6
Bxe4 29. Bxe4 Rxb6 30. Bg2 d3 31. Qxd3 Rxc5 32. Re1 e4 33. Qd8+ Kh7 34. Rbd1
Rd5 35. Qc7 Rxd1 36. Rxd1 Qxb3 37. Re1 a4 38. h4 0-1

[Event "ChBLR2010"]
[Site "Minsk"]
[Date "2010.01.15"]
[Round "4.3"]
[White "Zhigalko, Sergei"]
[Black "Kolesnik, Eduard"]
[Result "1-0"]
[WhiteElo "2668"]
[BlackElo "2374"]
[PlyCount "87"]
[EventDate "2010.01.13"]
[SourceDate "2010.01.13"]

1. e4 e5 2. Nf3 Nc6 3. Bb5 a6 4. Ba4 Nf6 5. O-O Be7 6. Re1 b5 7. Bb3 d6 8. c3
O-O 9. h3 Nb8 10. d4 Nbd7 11. Nbd2 Bb7 12. Bc2 Re8 13. Nf1 Bf8 14. Ng3 g6 15.
a4 Rb8 16. Bd3 exd4 17. cxd4 c5 18. Bf4 Qb6 19. a5 Qa7 20. d5 c4 21. Bc2 Nc5
22. Qd2 Ba8 23. Rad1 Qc7 24. Bh6 Qe7 25. Nf5 gxf5 26. Qg5+ Kh8 27. Bxf8 Rxf8
28. e5 Nxd5 29. Qxf5 Nd3 30. Ng5 f6 31. exd6 Qg7 32. Ne6 Qxg2+ 33. Kxg2 Ne3+
34. Kh2 Nxf5 35. Bxd3 cxd3 36. Nxf8 Rxf8 37. d7 Bc6 38. Rxd3 Rd8 39. Re8+ Rxe8
40. dxe8=Q+ Bxe8 41. Rd8 Ng7 42. Ra8 Kg8 43. Rxa6 Nf5 44. Ra8 1-0

[Event "ChBLR2010"]
[Site "Minsk"]
[Date "2010.01.15"]
[Round "4.4"]
[White "Stupak, Kirill"]
[Black "Azarov, Sergei"]
[Result "1/2-1/2"]
[WhiteElo "2459"]
[BlackElo "2622"]
[PlyCount "107"]
[EventDate "2010.01.13"]
[SourceDate "2010.01.13"]

1. d4 Nf6 2. g3 d5 3. Nf3 g6 4. Bg2 Bg7 5. O-O O-O 6. c4 dxc4 7. Na3 c3 8. bxc3
c5 9. Nc4 Nc6 10. e3 Be6 11. Ncd2 Rc8 12. Nb3 cxd4 13. cxd4 Bc4 14. Re1 Nb4 15.
Nc5 b6 16. a3 Nbd5 17. Nd3 Nc3 18. Qc2 Nfe4 19. Nd2 Ba6 20. Nxe4 Nxe4 21. Qd1
Nc3 22. Qd2 Bxd3 23. Qxd3 e5 24. Bb2 exd4 25. Rac1 dxe3 26. Qxe3 Nd5 27. Rxc8
Nxe3 28. Rxd8 Rxd8 29. Rxe3 Bxb2 30. Bc6 Kg7 31. a4 Bd4 32. Re7 Rd6 33. Bb5 Rf6
34. Re2 Bc5 35. Kg2 Rd6 36. h4 Rd4 37. Bc6 h5 38. Kf1 f5 39. Kg2 Kf6 40. Kf3
Bd6 41. Ke3 Rc4 42. Bb5 Rc3+ 43. Kd4 Rc1 44. Ke3 f4+ 45. gxf4 Rh1 46. Rd2 Bc5+
47. Kf3 Rh3+ 48. Kg2 Rxh4 49. Kg3 Rg4+ 50. Kf3 Rg1 51. Rd7 a5 52. Bc4 Be7 53.
Rb7 Rb1 54. Bb5 1/2-1/2

[Event "ChBLR2010"]
[Site "Minsk"]
[Date "2010.01.15"]
[Round "4.5"]
[White "Kovalev, Vladislav"]
[Black "Fedorov, Alexei"]
[Result "0-1"]
[WhiteElo "2336"]
[BlackElo "2619"]
[PlyCount "56"]
[EventDate "2010.01.13"]
[SourceDate "2010.01.13"]

1. e4 c5 2. Nf3 e6 3. Nc3 a6 4. d4 cxd4 5. Nxd4 b5 6. Bd3 d6 7. O-O Nf6 8. Kh1
Bb7 9. a3 Nbd7 10. f4 Be7 11. Qe2 Nc5 12. b4 Nxd3 13. cxd3 O-O 14. Be3 Rc8 15.
Rfc1 g6 16. Nb3 Qd7 17. Nd1 Nh5 18. Rxc8 Rxc8 19. Rc1 Bf8 20. Rxc8 Qxc8 21. Qd2
f5 22. exf5 gxf5 23. Kg1 Bg7 24. Qc1 Qd7 25. Qd2 Bd5 26. Nc1 Bf6 27. Ne2 Bb7
28. Bd4 Qg7 0-1

[Event "ChBLR2010"]
[Site "Minsk"]
[Date "2010.01.15"]
[Round "4.6"]
[White "Lutsko, Igor"]
[Black "Zhigalko, Andrey"]
[Result "0-1"]
[WhiteElo "2415"]
[BlackElo "2600"]
[PlyCount "122"]
[EventDate "2010.01.13"]
[SourceDate "2010.01.13"]

1. d4 Nf6 2. c4 g6 3. Nc3 Bg7 4. e4 d6 5. Nf3 O-O 6. Be2 e5 7. O-O Nc6 8. d5
Ne7 9. Ne1 Nd7 10. Nd3 f5 11. Bd2 fxe4 12. Nxe4 Nf5 13. Bg4 h6 14. Re1 Re8 15.
Rc1 a5 16. b3 b6 17. Bc3 Nf6 18. Bf3 Nh7 19. g3 Bd7 20. Bg2 h5 21. f4 Bh6 22.
fxe5 Ne3 23. Qd2 Ng4 24. Nf4 Nxe5 25. Qc2 Bf5 26. Rf1 Qd7 27. Rce1 Re7 28. Ne6
Rae8 29. Rxf5 gxf5 30. Nf2 Rf7 31. Nh3 Nf8 32. Nhf4 Bxf4 33. Nxf4 Ng4 34. h3
Rxe1+ 35. Bxe1 Qe7 36. Qc3 Qe3+ 37. Qxe3 Nxe3 38. Bf3 h4 39. gxh4 Nd7 40. Bd2
Nc2 41. Bd1 Nb4 42. a3 Na6 43. Ne6 Ndc5 44. Bg5 Rh7 45. Bc2 Ne4 46. Kg2 Nac5
47. b4 Na6 48. bxa5 bxa5 49. Ba4 Nac5 50. Be8 Nd3 51. Bd8 Ne5 52. Bb5 f4 53.
Nxf4 Rg7+ 54. Kf1 Rg3 55. Ne6 Rxa3 56. Bxc7 a4 57. c5 Ra1+ 58. Kg2 Ra2+ 59. Kf1
Rf2+ 60. Ke1 a3 61. Nd4 a2 0-1

[Event "ChBLR2010"]
[Site "Minsk"]
[Date "2010.01.16"]
[Round "5.1"]
[White "Zhigalko, Andrey"]
[Black "Aleksandrov, Aleksej"]
[Result "1/2-1/2"]
[WhiteElo "2600"]
[BlackElo "2617"]
[PlyCount "71"]
[EventDate "2010.01.13"]
[SourceDate "2010.01.13"]

1. e4 e5 2. Nf3 Nc6 3. Bb5 Nf6 4. O-O Nxe4 5. d4 Nd6 6. Bxc6 dxc6 7. dxe5 Nf5
8. Qxd8+ Kxd8 9. Nc3 Bd7 10. h3 Ne7 11. Ne4 Ng6 12. Nfg5 Ke8 13. f4 Nh4 14. Kf2
Be7 15. Be3 h6 16. Nf3 Bf5 17. Nfd2 h5 18. Rg1 Bxe4 19. Nxe4 Nf5 20. g3 Rd8 21.
Rgd1 b6 22. Rxd8+ Bxd8 23. Kf3 f6 24. exf6 gxf6 25. Bf2 Be7 26. g4 hxg4+ 27.
hxg4 Nd6 28. Ng3 c5 29. Rh1 Rxh1 30. Nxh1 f5 31. gxf5 Bf6 32. b3 c4 33. Ng3
cxb3 34. cxb3 Kf7 35. Kg4 c5 36. Ne2 1/2-1/2

[Event "ChBLR2010"]
[Site "Minsk"]
[Date "2010.01.16"]
[Round "5.2"]
[White "Fedorov, Alexei"]
[Black "Lutsko, Igor"]
[Result "1-0"]
[WhiteElo "2619"]
[BlackElo "2415"]
[PlyCount "85"]
[EventDate "2010.01.13"]
[SourceDate "2010.01.13"]

1. e4 c5 2. Nf3 e6 3. d4 cxd4 4. Nxd4 Nc6 5. Nb5 d6 6. c4 Nf6 7. N1c3 a6 8. Na3
Be7 9. Be2 O-O 10. O-O b6 11. Be3 Bb7 12. Qb3 Nd7 13. Qc2 Rc8 14. Rad1 Qc7 15.
Rd2 Qb8 16. Qd1 Rfd8 17. Kh1 Ba8 18. f3 Kh8 19. Bg1 g5 20. Nc2 Nce5 21. Ne3 Ng6
22. Re1 Rc7 23. Qa4 Bc6 24. Qb3 Nde5 25. Nc2 Nd7 26. a3 Rg8 27. Bd4+ Nge5 28.
Qa2 Rg6 29. b4 Ba8 30. a4 Kg8 31. a5 bxa5 32. b5 axb5 33. Nxb5 Rb7 34. Bg1 Nb6
35. Ne3 Nc6 36. Red1 Nc8 37. h3 Rb6 38. Bh2 Qb7 39. Qa1 Bf6 40. Qa4 Kh8 41. c5
dxc5 42. Rd7 Qa6 43. Nc3 1-0

[Event "ChBLR2010"]
[Site "Minsk"]
[Date "2010.01.16"]
[Round "5.3"]
[White "Azarov, Sergei"]
[Black "Kovalev, Vladislav"]
[Result "1-0"]
[WhiteElo "2622"]
[BlackElo "2349"]
[PlyCount "69"]
[EventDate "2010.01.13"]
[SourceDate "2010.01.13"]

1. e4 e5 2. Nf3 Nc6 3. Bb5 a6 4. Ba4 Nf6 5. O-O Be7 6. Re1 b5 7. Bb3 d6 8. c3
O-O 9. h3 Na5 10. Bc2 c5 11. d4 Qc7 12. d5 Bd7 13. Nbd2 c4 14. Nf1 Rfe8 15. Ng3
g6 16. Nh2 h5 17. f4 exf4 18. Bxf4 h4 19. Ne2 Nh5 20. Be3 Nb7 21. Nf4 Ng3 22.
Nf1 Nxf1 23. Rxf1 Bg5 24. Qf3 Re5 25. Bd4 Be8 26. a4 Rb8 27. axb5 axb5 28. Ra7
Qe7 29. Kh1 Qf6 30. Qf2 Bh6 31. Ra6 Qd8 32. Bxe5 dxe5 33. Nh5 Bg7 34. Nxg7 Kxg7
35. Qb6 1-0

[Event "ChBLR2010"]
[Site "Minsk"]
[Date "2010.01.16"]
[Round "5.4"]
[White "Kolesnik, Eduard"]
[Black "Stupak, Kirill"]
[Result "1/2-1/2"]
[WhiteElo "2374"]
[BlackElo "2459"]
[PlyCount "59"]
[EventDate "2010.01.13"]
[SourceDate "2010.01.13"]

1. e4 c5 2. Nf3 a6 3. c3 d6 4. d4 Qc7 5. Be2 g6 6. Bf4 Bg7 7. O-O Nd7 8. Nbd2
Ngf6 9. e5 dxe5 10. dxe5 Nh5 11. Be3 Nxe5 12. Nxe5 Qxe5 13. Nc4 Qc7 14. Bxh5
gxh5 15. Qxh5 Be6 16. Nd2 O-O-O 17. Ne4 Rd5 18. Qh4 b6 19. Rfe1 Bf5 20. Ng3 Bg6
21. Bg5 f6 22. Qc4 Qb7 23. Rxe7 Qxe7 24. Qxd5 fxg5 25. Qa8+ Kc7 26. Qa7+ Kd8
27. Qa8+ Kc7 28. Qa7+ Kd8 29. Qa8+ Kc7 30. Qa7+ 1/2-1/2